| 000 | 00000nam##2200000za#4500 |
| 001 | 9.615228 |
| 003 | CaOODSP |
| 005 | 20200514165618 |
| 007 | ta |
| 008 | 150406|2000||||xxc||||| f|0| 0 eng|d |
| 020 | |a0-662-29057-7 |
| 040 | |aCaOODSP|beng |
| 043 | |an-cn--- |
| 086 | 1 |aNH17-50/1996E |
| 110 | 2 |aCanada Mortgage and Housing Corporation. |
| 245 | 10|aAssessment repair strategy for existing buildings constructed with masonry veneer steel stud walls / |cprepared by T. W. J. Trestain. |
| 260 | |aOttawa - Ontario : |bCanada Mortgage and Housing Corporation |c2000. |
| 300 | |aProcessed. : |bfigs., illus., references, tables ; |c28 cm. |
| 490 | 1 |aResearch report |
| 500 | |a"This document is intended to define state-of-the-art "good practice", a needed reference point upon which evaluations of deficiencies, renovation strategies and construction methods can be based."--Executive summary. |
| 520 | 3 |aThis document is intended to define state-of-the-art good practice, a needed reference point upon which evaluations of deficiencies, renovation strategies and construction methods can be based.--Executive summary |
| 563 | |aSoftcover |
| 590 | |a00-23|b2000-06-09 |
| 690 | 07|aHome renovations|2gcpds |
| 690 | 07|aBuildings|2gcpds |
| 690 | 07|aConstruction materials|2gcpds |
| 720 | 1 |aTrestain, T. W. J. |
| 776 | 0#|tAssessment repair strategy for existing buildings constructed with masonry veneer steel stud walls / |w(CaOODSP)9.569508 |
| 830 | #0|aResearch report.|w(CaOODSP)9.514822 |